000 00707nam a2200229 i 4500
001 bg
100 1 _aOPOLSKI, Andrzej
245 1 0 _aElektronika dla elektryków /
_cAndrzej Opolski ; Politechnika Gdańska.
260 _aGdańsk :
_bWydaw. PG,
_c1997.
300 _a219 s. :
_brys., wykr. ;
_c24 cm.
504 _aBibliogr. s. 218-219.
521 _aSkrypt dla studentów III semestru kierunku Elektrotechnika na Wydziale Elektrotechniki i Automatyki.
650 9 _aElektronika
655 _aPodręczniki akademickie
020 _a8386537620
040 _cBPK
041 0 _apl
080 _a621.38(075.8)
920 _a83-86537-62-0
942 _cKS
008 s pl f |000 0 pol
999 _c31554
_d31554
856 _uhttp://koha.tu.koszalin.pl/cgi-bin/koha/opac-detail.pl?biblionumber=31554
_yKatalog online BPK